Dodávateľsko-odberateľské vzťahy a hmotné bilancovanie komentár k novej úprave

Uložené v:
Podrobná bibliografia
Hlavný autor: Zirin, Anton
Médium: Kniha
Jazyk:Slovak
Vydavateľské údaje: Bratislava Alfa 1982
Vydanie:2. dopln. vyd.
Edícia:Edícia ekonomickej literatúry
Tagy: Pridať tag
Žiadne tagy, Buďte prvý, kto otaguje tento záznam!

MARC

LEADER 00000nam a2200000 4500
001 c129259
005 20041019155245.8
041 0 |a slo 
044 |a SK 
245 1 0 |a Dodávateľsko-odberateľské vzťahy a hmotné bilancovanie  |b komentár k novej úprave  |c Anton Zirin 
250 |a 2. dopln. vyd. 
264 1 |a Bratislava  |b Alfa  |c 1982 
300 |a 223 s. 
490 1 |a Edícia ekonomickej literatúry 
830 0 |a Edícia ekonomickej literatúry 
100 1 |a Zirin, Anton